Gaming Quiz

Random Gaming or Pokémon Quiz
Score 0/55 Timer 08:00
0 Plays Today
Generation Attack Name % Correct
Generation IVine Whip
97.6%
Generation IIGiga Drain
96.9%
Generation ILeech Seed
96.9%
Generation IMega Drain
96.9%
Generation IRazor Leaf
96.9%
Generation IStun Spore
96.9%
Generation ISleep Powder
96.2%
Generation ISpore
96.2%
Generation IAbsorb
95.8%
Generation ISolar Beam
95.8%
Generation IIILeaf Blade
94.1%
Generation IIIFrenzy Plant
93%
Generation IVLeaf Storm
92%
Generation IPetal Dance
90.2%
Generation VIIIG-Max Vine Lash
90%
Generation VIIIG-Max Drum Solo
90%
Generation VIIIGrassy Glide
90%
Generation IIIBullet Seed
89.9%
Generation IIIIngrain
89.5%
Generation IVSeed Bomb
89.5%
Generation VLeaf Tornado
87.8%
Generation VGrass Pledge
87.5%
Generation IISynthesis
86.8%
Generation IVPower Whip
86.1%
Generation VIIIDrum Beating
85.9%
Generation IIIMagical Leaf
85.7%
Generation IVSeed Flare
85.7%
Generation VIILeafage
85.3%
Generation Attack Name % Correct
Generation IVWood Hammer
84.7%
Generation IIIGrass Whistle
83.3%
Generation VIISolar Blade
83.2%
Generation IVGrass Knot
82.6%
Generation IICotton Spore
81.9%
Generation IVEnergy Ball
81.9%
Generation VIPetal Blizzard
81.5%
Generation VIIIBranch Poke
81.2%
Generation VIIIMax Overgrowth
81.2%
Generation IIIAromatherapy
80.5%
Generation VISpiky Shield
80.5%
Generation VIGrassy Terrain
79.4%
Generation IIINeedle Arm
79.4%
Generation VCotton Guard
78.4%
Generation IVWorry Seed
78%
Generation VIIBloom Doom
77%
Generation VIITropical Kick
75.7%
Generation VHorn Leech
75.6%
Generation VIIIApple Acid
72.9%
Generation VIForest's Curse
72.1%
Generation VIIIG-Max Sweetness
70.6%
Generation VIIIG-Max Tartness
70.6%
Generation VIIIGravity Apple
70.6%
Generation VIISappy Seed
65.9%
Generation VIIStrength Sap
65.8%
Generation VIIIJungle Healing
60%
Generation VIIISnap Trap
58.8%
Remove Ads.
Support Sporcle.
Get the best of Sporcle when you Go Orange. This ad-free experience offers more features, more stats, and more fun while also helping to support Sporcle. Thank you for becoming a member.

You're not logged in!

Compare scores with friends on all Sporcle quizzes.
OR
Log In

Show Comments

Extras

Created Dec 25, 2014ReportNominate
Tags:Pokémon Quiz

Top Quizzes Today


Score Distribution

Your Account Isn't Verified!

In order to create a playlist on Sporcle, you need to verify the email address you used during registration. Go to your Sporcle Settings to finish the process.

Report this User

Report this user for behavior that violates our Community Guidelines.

Details: